| 000 | 02122nam a22003497a 4500 | ||
|---|---|---|---|
| 005 | 20111128163634.0 | ||
| 008 | 111128t xxu||||| |||| 00| 0 eng d | ||
| 010 | _aENG-104222 | ||
| 020 |
_a9788120344617 _c350.00 |
||
| 035 | _aEN-87755 | ||
| 037 | _bDBAD/PUB | ||
| 040 |
_aDPL _bEng |
||
| 082 | 0 | 4 |
_a006.78 _223 |
| 100 | 1 |
_aBrunetti, Roberto _936212 |
|
| 245 | 1 | 0 |
_aWindows Azure step by step / _cby Roberto Brunetti |
| 260 |
_aNew Delhi _bPHI Learning _c2012 |
||
| 270 |
_aM-97, Connaught Circus _bNew Delhi _e110001 |
||
| 300 |
_axxiv, 315 p. : _bill. _c24cm(pbk) |
||
| 500 | _aIncludes index. | ||
| 505 | 0 | _aIntroduction to cloud computing -- Introduction to the Windows Azure platform -- Creating a web role project -- Windows Azure storage -- Tables, queues, and worker roles -- Windows Azure operating system details -- Building an AppFabric solution -- WCF data services and OData -- Using SQL Azure -- Accessing Azure services from everywhere -- Application architecture. | |
| 520 | _aTeach yourself how to build and host scalable applications in the cloud using Windows Azure - one step at a time. Ideal for developers with prior Microsoft .NET programming experience, this tutorial provides practical, learn-by-doing exercises for working with the core services and features of the Windows Azure platform. | ||
| 630 | 0 | 0 |
_aWindows Azure. _936344 |
| 650 | 0 |
_aCloud computing. _936214 |
|
| 650 | 0 |
_aWeb services. _936215 |
|
| 650 | 0 |
_aApplication software _xDesign. _936216 |
|
| 856 | 4 | 2 |
_3Contributor biographical information _uhttp://www.loc.gov/catdir/enhancements/fy1114/2011283812-b.html |
| 856 | 4 | 2 |
_3Publisher description _uhttp://www.loc.gov/catdir/enhancements/fy1114/2011283812-d.html |
| 856 | 4 | 1 |
_3Table of contents only _uhttp://www.loc.gov/catdir/enhancements/fy1114/2011283812-t.html |
| 942 |
_2ddc _cEN _h006.78 _mBRU |
||
| 999 |
_c58764 _d58764 |
||